Agenda para la reactivación económica de Costa Rica: elementos de una visión de futuro /
La crisis económica a inicios del 2007 contribuyó a poner en evidencia los problemas económicos, políticos y sociales con los cuales, a juicio del autor, los costarricenses se han acostumbrado a vivir. Pérdida progresiva de la libertad y ocupación de los principales espacios de toma de decisión por...
Uloženo v:
| Hlavní autor: | |
|---|---|
| Médium: | Text |
| Témata: | |
| Tagy: |
Přidat tag
Žádné tagy, Buďte první, kdo vytvoří štítek k tomuto záznamu!
|
MARC
| LEADER | 00000 a a2200000 04500 | ||
|---|---|---|---|
| 001 | 42262 | ||
| 003 | |||
| 040 | |||
| 100 | |a Loría, Luis E. | ||
| 245 | |a Agenda para la reactivación económica de Costa Rica: |b elementos de una visión de futuro / |c Luis E. Loría | ||
| 520 | |a La crisis económica a inicios del 2007 contribuyó a poner en evidencia los problemas económicos, políticos y sociales con los cuales, a juicio del autor, los costarricenses se han acostumbrado a vivir. Pérdida progresiva de la libertad y ocupación de los principales espacios de toma de decisión por parte de pequeños grupos de interés, han caracterizado los últimos años. El artículo expone una propuesta, para romper con esa realidad. | ||
| 590 | |a RRH/MARZO2012 | ||
| 650 | |a 1.POLITICA ECONOMICA | ||
| 650 | |a 2.CRECIMIENTO ECONOMICO | ||
| 650 | |a 3.CAPITALISMO | ||
| 650 | |a 4.LIBERTAD | ||
| 650 | |a 5.ESTADO | ||
| 773 | |g volumen26, número2 ( , 2009), páginas 105-137 : gráficos | ||
| 999 | |c 33359 |d 33359 | ||
